|
|
|
|
| LEADER |
00000nam a2200000 i 4500 |
| 001 |
DIGBRUJ311 |
| 003 |
NyNyDIG |
| 008 |
200921s2018 ag ob 000 0 spa d |
| 006 |
m o d |
| 007 |
cr ||||||||||| |
| 035 |
|
|
|a (OCoLC)1196379483
|
| 040 |
|
|
|a DGITA
|b eng
|e rda
|e pn
|c DGITA
|
| 020 |
|
|
|a 9789877601619
|q eBook
|
| 020 |
|
|
|a 9877601613
|q eBook
|
| 020 |
|
|
|z 9789877601602
|
| 020 |
|
|
|z 9877601605
|
| 050 |
1 |
4 |
|a LB1027 ebook
|
| 082 |
0 |
4 |
|a 371.102
|
| 100 |
1 |
|
|a Gómez Sarmiento, Mario Alfredo,
|e author.
|
| 245 |
1 |
0 |
|a Epistemología y pedagogía :
|b fundamentos histórico-crítico de la ciencia de los docentes /
|c Mario Gómez Sarmiento.
|
| 250 |
|
|
|a 1a edición.
|
| 264 |
|
1 |
|a Córdoba, Argentina :
|b Editorial Brujas,
|c [2018]
|
| 300 |
|
|
|a 1 online resource.
|
| 336 |
|
|
|a text
|b txt
|2 rdacontent
|
| 337 |
|
|
|a computer
|b c
|2 rdamedia
|
| 338 |
|
|
|a online resource
|b cr
|2 rdacarrier
|
| 347 |
|
|
|a text file
|2 rdaft
|
| 347 |
|
|
|a PDF
|
| 504 |
|
|
|a Includes bibliographical references.
|
| 588 |
0 |
|
|a Online resource; title from PDF title page (Digitalia, viewed September 21, 2020)
|
| 650 |
|
0 |
|a Education
|x Study and teaching
|x History.
|
| 650 |
|
0 |
|a Education
|x Philosophy.
|
| 650 |
|
0 |
|a Knowledge, Theory of.
|
| 655 |
|
0 |
|a Electronic books.
|
| 791 |
2 |
|
|a Digitalia (Firm),
|e distributor.
|
| 793 |
0 |
|
|g Digitalia eBook Collection:
|a Editorial Brujas
|
| 776 |
0 |
8 |
|i Print version:
|a Gómez Sarmiento, Mario Alfredo.
|t Epistemología y pedagogía.
|d Córdoba, Argentina :
|b Editorial Brujas,
|c [2018]
|z 9789877601602
|
| 856 |
4 |
0 |
|3 Digitalia Hispánica
|u https://www.digitaliapublishing.com/a/58654/
|
| 910 |
|
|
|a Premium collection: 2020
|